| 000 | 00631nam a2200217Ia 4500 | ||
|---|---|---|---|
| 003 | OSt | ||
| 005 | 20230406111013.0 | ||
| 008 | 210423s2018 xx 000 0 und d | ||
| 020 | _a978-93-87766-94-5 | ||
| 040 | _cAL | ||
| 041 | _aeng | ||
| 082 |
_a332.02 _223 _bGKPS |
||
| 100 |
_aG K PUBLICATIONS _984206 |
||
| 245 | _aSBI probationary officers recriutment examination: phase I and II | ||
| 260 |
_aNew Delhi _bG K Publishers _c2018 |
||
| 300 |
_a914 _bPB |
||
| 365 |
_b575 _cINR |
||
| 650 |
_aFinancial Economics _984207 |
||
| 906 | _aexamination: ; officers ; phase ; probationary ; recriutment ; SBI | ||
| 942 |
_2ddc _cBK |
||
| 999 |
_c169278 _d169278 |
||